000 00415nmm a2200145Ia 4500
008 251105s9999||||xx |||||||||||||||||und||
041 _aspa
100 _aCortés, Clara
245 0 _aEllen y TJ
264 _a[Madrid, España] :
_bLa Galera,
_c[Fecha de publicación no identificada]
300 _a0 páginas
650 _aLiterature
856 _uhttps://public.digitaliapublishing.com/a/119544
942 _cCF
999 _c101332
_d101332